LEADER 05608nam 2200685 a 450 001 9910782392103321 005 20230607222125.0 010 $a1-281-92835-6 010 $a9786611928353 010 $a981-277-574-9 035 $a(CKB)1000000000538032 035 $a(EBL)1679492 035 $a(OCoLC)879074231 035 $a(SSID)ssj0000254780 035 $a(PQKBManifestationID)11213493 035 $a(PQKBTitleCode)TC0000254780 035 $a(PQKBWorkID)10213515 035 $a(PQKB)10871841 035 $a(MiAaPQ)EBC1679492 035 $a(WSP)00004682 035 $a(Au-PeEL)EBL1679492 035 $a(CaPaEBR)ebr10255381 035 $a(CaONFJC)MIL192835 035 $a(EXLCZ)991000000000538032 100 $a20021010d2002 uy 0 101 0 $aeng 135 $aur|n|---||||| 181 $ctxt 182 $cc 183 $acr 200 10$aSyntactic pattern recognition for seismic oil exploration$b[electronic resource] /$fKou-Yuan Huang 210 $aRiver Edge, NJ $cWorld Scientific$dc2002 215 $a1 online resource (149 p.) 225 1 $aSeries in machine perception and artificial intelligence ;$vv. 46 300 $aDescription based upon print version of record. 311 $a981-02-4600-5 320 $aIncludes bibliographical references (p. 123-129) and index. 327 $aCONTENTS; AUTHOR'S BIOGRAPHY; PREFACE; 1 INTRODUCTION TO SYNTACTIC PATTERN RECOGNITION; 1.1. SUMMARY; 1.2. INTRODUCTION; 1.3. ORGANIZATION OF THIS BOOK; 2 INTRODUCTION TO FORMAL LANGUAGES AND AUTOMATA; 2.1. SUMMARY; 2.2. LANGUAGES AND GRAMMARS; 2.3. FINITE-STATE AUTOMATON; 2.4. EARLEY'S PARSING; 2.5. FINITE-STATE GRAMMATICAL INFERENCE; 2.6. STRING DISTANCE COMPUTATION; 3 ERROR-CORRECTING FINITE-STATE AUTOMATON FOR RECOGNITION OF RICKER WAVELETS; 3.1. SUMMARY; 3.2. INTRODUCTION; 3.3. SYNTACTIC PATTERN RECOGNITION; 3.3.1. Training and Testing Ricker Wavelets 327 $a3.3.2. Location of Waveforms and Pattern Representation3.4. EXPANDED GRAMMARS; 3.4.1. General Expanded Finite-State Grammar; 3.4.2. Restricted Expanded Finite-State Grammar; 3.5. MINIMUM-DISTANCE ERROR-CORRECTING FINITE-STATE PARSING; 3.6. CLASSIFICATION OF RICKER WAVELETS; 3.7. DISCUSSION AND CONCLUSIONS; 4 ATTRIBUTED GRAMMAR AND ERROR-CORRECTING EARLEY'S PARSING; 4.1. SUMMARY; 4.2. INTRODUCTION; 4.3. ATTRIBUTED PRIMITIVES AND STRING; 4.4. DEFINITION OF ERROR TRANSFORMATIONS FOR ATTRIBUTED STRINGS; 4.5. INFERENCE OF ATTRIBUTED GRAMMAR 327 $a4.6. MINIMUM-DISTANCE ERROR-CORRECTING EARLEY'S PARSING FOR ATTRIBUTED STRING4.7. EXPERIMENT; 5 ATTRIBUTED GRAMMAR AND MATCH PRIMITIVE MEASURE (MPM) FOR RECOGNITION OF SEISMIC WAVELETS; 5.1. SUMMARY; 5.2. SIMILARITY MEASURE OF ATTRIBUTED STRING MATCHING; 5.3. INFERENCE OF ATTRIBUTED GRAMMAR; 5.4. TOP-DOWN PARSING USING MPM; 5.5. EXPERIMENTS OF SEISMIC PATTERN RECOGNITION; 5.5.1. Recognition of Seismic Ricker Wavelets; 5.5.2. Recognition of Wavelets in Real Seismogram; 5.6. CONCLUSIONS; 6 STRING DISTANCE AND LIKELIHOOD RATIO TEST FOR DETECTION OF CANDIDATE BRIGHT SPOT; 6.1. SUMMARY 327 $a6.2. INTRODUCTION6.3. OPTIMAL QUANTIZATION ENCODING; 6.4. LIKELIHOOD RATIO TEST (LRT); 6.5. LEVENSHTEIN DISTANCE AND ERROR PROBABILITY; 6.6. EXPERIMENT AT MISSISSIPPI CANYON; 6.6.1. Likelihood Ratio Test (LRT); 6.6.2. Threshold for Global Detection; 6.6.3. Threshold for the Detection of Candidate Bright Spot; 6.7. EXPERIMENT AT HIGH ISLAND; 7 TREE GRAMMAR AND AUTOMATON FOR SEISMIC PATTERN RECOGNITION; 7.1. SUMMARY; 7.2. INTRODUCTION; 7.3. TREE GRAMMAR AND LANGUAGE; 7.4. TREE AUTOMATON; 7.5. TREE REPRESENTATIONS OF PATTERNS; 7.6. INFERENCE OF EXPANSIVE TREE GRAMMAR 327 $a7.7. WEIGHTED MINIMUM-DISTANCE SPECTA7.8. MODIFIED MAXIMUM-LIKELIHOOD SPECTA; 7.9. MINIMUM DISTANCE GECTA; 7.10. EXPERIMENTS ON INPUT TESTING SEISMOGRAMS; 7.11. DISCUSSION AND CONCLUSIONS; 8 A HIERARCHICAL RECOGNITION SYSTEM OF SEISMIC PATTERNS AND FUTURE STUDY; 8.1. SUMMARY; 8.2. INTRODUCTION; 8.3. SYNTACTIC PATTERN RECOGNITION; 8.3.1. Linking Processing and Segmentation; 8.3.2. Primitive Recognition; 8.3.3. Training Patterns; 8.3.4. Grammatical Inference; 8.3.5. Finite-state Error Correcting Parsing; 8.4. COMMON-SOURCE SIMULATED SEISMOGRAM RESULTS; 8.5. STACKED SIMULATED SEISMOGRAM RESULTS 327 $a8.6. CONCLUSIONS 330 $a The use of pattern recognition has become more and more important in seismic oil exploration. Interpreting a large volume of seismic data is a challenging problem. Seismic reflection data in the one-shot seismogram and stacked seismogram may contain some structural information from the response of the subsurface. Syntactic/structural pattern recognition techniques can recognize the structural seismic patterns and improve seismic interpretations. The syntactic analysis methods include: (1) the error-correcting finite-state parsing, (2) the modified error-correcting Earley's parsing, (3) the p 410 0$aSeries in machine perception and artificial intelligence ;$vv. 46. 606 $aPetroleum$xProspecting$xData processing 606 $aPattern recognition systems 606 $aSeismic reflection method$xData processing 615 0$aPetroleum$xProspecting$xData processing. 615 0$aPattern recognition systems. 615 0$aSeismic reflection method$xData processing. 676 $a622/.1828/0285 700 $aHuang$b Kou-Yuan$01508188 801 0$bMiAaPQ 801 1$bMiAaPQ 801 2$bMiAaPQ 906 $aBOOK 912 $a9910782392103321 996 $aSyntactic pattern recognition for seismic oil exploration$93739464 997 $aUNINA LEADER 03115nas 2201057-a 450 001 996251329803316 005 20240115213021.0 011 $a1552-6968 035 $a(DE-599)ZDB2012946-4 035 $a(OCoLC)41385002 035 $a(CKB)963017697137 035 $a(CONSER)--2004214851 035 $a(EXLCZ)99963017697137 100 $a19990518a19919999 s-- a 101 0 $aeng 135 $aurmnu|||||||| 181 $ctxt$2rdacontent 182 $cc$2rdamedia 183 $acr$2rdacarrier 200 10$aIllness, crisis & loss 210 $aThousand Oaks, Calif. $cSage Publications$d1991- 215 $a1 online resource 300 $aRefereed/Peer-reviewed 311 $a1054-1373 517 3 $aIllness, crisis and loss 531 $aILLNESS CRISES AND LOSS 531 $aILLNESS CRISIS AND LOSS 606 $aDeath$xPsychological aspects$vPeriodicals 606 $aLoss (Psychology)$vPeriodicals 606 $aTerminal care$vPeriodicals 606 $aDeath$xPsychological aspects 606 $aGrief 606 $aPain 606 $aPalliative treatment 606 $aAttitude to Death 606 $aGrief 606 $aPain 606 $aPalliative Care 606 $aTerminal Care 606 $aMort$xAspect psychologique$vPériodiques 606 $aPerte (Psychologie)$vPériodiques 606 $aSoins en phase terminale$vPériodiques 606 $aMort$xAspect psychologique 606 $aChagrin 606 $aDouleur 606 $aSoins palliatifs 606 $aSoins en phase terminale 606 $agrief$2aat 606 $aPalliative treatment$2fast$3(OCoLC)fst01051719 606 $aPain$2fast$3(OCoLC)fst01050382 606 $aGrief$2fast$3(OCoLC)fst00947883 606 $aDeath$xPsychological aspects$2fast$3(OCoLC)fst00888643 606 $aLoss (Psychology)$2fast$3(OCoLC)fst01002621 606 $aTerminal care$2fast$3(OCoLC)fst01147835 608 $aPeriodical 608 $aperiodicals.$2aat 608 $aPeriodicals.$2fast 608 $aPeriodicals.$2lcgft 608 $aPériodiques.$2rvmgf 615 0$aDeath$xPsychological aspects 615 0$aLoss (Psychology) 615 0$aTerminal care 615 0$aDeath$xPsychological aspects. 615 0$aGrief. 615 0$aPain. 615 0$aPalliative treatment. 615 12$aAttitude to Death 615 12$aGrief 615 12$aPain 615 12$aPalliative Care 615 12$aTerminal Care 615 6$aMort$xAspect psychologique 615 6$aPerte (Psychologie) 615 6$aSoins en phase terminale 615 6$aMort$xAspect psychologique. 615 6$aChagrin. 615 6$aDouleur. 615 6$aSoins palliatifs. 615 6$aSoins en phase terminale. 615 7$agrief. 615 7$aPalliative treatment. 615 7$aPain. 615 7$aGrief. 615 7$aDeath$xPsychological aspects. 615 7$aLoss (Psychology) 615 7$aTerminal care. 676 $a152 906 $aJOURNAL 912 $a996251329803316 996 $aIllness, crisis & loss$92018368 997 $aUNISA